Moderní směry v navrhování výměníků tepla

Salvato in:
Dettagli Bibliografici
Natura: Libro
Pubblicazione: Praha : Dům techniky, 1990
Tags: Aggiungi Tag
Nessun Tag, puoi essere il primo ad aggiungerne!!

MARC

LEADER 00000nam a22000003a 4500
001 stu47166
005 20150408180145.8
008 ------s1990----cs----------------------d
040 |a STU  |b slo 
041 0
044 |a cs 
080 |a 536.27 
245 |a Moderní směry v navrhování výměníků tepla 
260 |a Praha :  |b Dům techniky,  |c 1990 
300 |a 63 s 
996 |b J86399  |c J*86399/K 11  |l JJK11  |s P  |a 0  |w stu47166_0001